Animal Crossing General Trivia - Statistics

General Stats
  • This quiz has been taken 110 times
  • The average score is 18 of 24
Answer Stats
Hint Answer % Correct
Name one of his children that run the town's shop Timmy / Tommy
95%
What tanuki villager is in every Animal Crossing game? Tom Nook
95%
What famous canine is always playing a guitar? K.K. Slider
90%
Who is known to sell counterfeit paintings? Redd
88%
What is that shop's name? Nook's Cranny
86%
Name one of the two playable Animal Crossing characters featured in Mario Kart 8 Villager / Isabelle
86%
How many rocks are there on any given day? Six
85%
Name the trusty owl that facilitates the museum Blathers
84%
Name the airport company that inhabits the island Dodo Airlines
84%
There are five things that are on display at the museum. Bugs, Fish, Sea Critters, Art, and what? Fossils
84%
Name one of the two girls that run the clothing store Mabel / Sabel
83%
What is the name of the clothing store on the island? Able Sisters
78%
Who is his sister that likes to stargaze? Celeste
78%
Name one of the villagers that can appear in the town square on random occasions Leif / Kicks / Flick / CJ / Label
77%
In what year did the first Animal Crossing game come out? 2001
76%
What kind of animal is he? Mole
74%
Name the camel that walks around the island selling wallpaper, flooring and rugs Sahara
74%
Who develops the Animal Crossing series? Nintendo
70%
Who yells at you when you turn off the game without saving? Mr. Resetti
68%
What is the name of one of the two birds that runs the airport? Orville / Wilbur
67%
Name one of the subtitles from the main series of games Wild World / City Folk / New Leaf / New Horizons
57%
In the first Animal Crossing game, who is the first person you meet? Rover
55%
Name one of the three Nintendo consoles that never had an main series Animal Crossing game Color TV-Game / Nintendo Entertainment System / Super Nintendo Entertainment System
37%
Name one of the three hidden songs that can only be requested Drivin' / Animal City / Farewell
30%
No matching quizzes found
Score Distribution
Percent of People with Each Score
Percentile by Number Answered
Your Score History
You have not taken this quiz